00648nam a2200181 a 450000100100000000500170001000800410002704000250006808200170009310000260011024500780013626000480021430000230026270000340028504900090031995201210032899900170044900002481620200930023404.0110204s1944 ag r 000 0 spa d aDO-SdBNPbspacBNPHU axxxxxbS592s1 aSimmel, George95092510aSchopenhauer y Nietzsche /cGeorge Simmel ; traducción Francisco Ayala. aBuenos Aires, Argentina :bSchapire,c1944. a274 p. ;c20.5 cm.1 aAyala, Francisco,etr.950926 aBNGR 001054708MOaGRbGRcCTd2011-02-04iLF1l0oxxxxx S592sp24816-10r2020-06-25w2020-06-25y4ZPréstamo en sala c24309d24309